<?xml version="1.0" encoding="UTF-8"?>
<record
    xmlns:xsi="http://www.w3.org/2001/XMLSchema-instance"
    xsi:schemaLocation="http://www.loc.gov/MARC21/slim http://www.loc.gov/standards/marcxml/schema/MARC21slim.xsd"
    xmlns="http://www.loc.gov/MARC21/slim">

  <leader>00667nas a22001937i 4500</leader>
  <controlfield tag="001">6234</controlfield>
  <controlfield tag="003">OSt</controlfield>
  <controlfield tag="005">20170126082354.0</controlfield>
  <controlfield tag="007">tu</controlfield>
  <controlfield tag="008">161220s        xxu||||| |||| 00| 0     d</controlfield>
  <datafield tag="024" ind1="7" ind2=" ">
    <subfield code="a">6234</subfield>
    <subfield code="2">RID</subfield>
  </datafield>
  <datafield tag="024" ind1="7" ind2=" ">
    <subfield code="a">6234</subfield>
    <subfield code="2">RSN (alt)</subfield>
  </datafield>
  <datafield tag="040" ind1=" " ind2=" ">
    <subfield code="c">OSt</subfield>
  </datafield>
  <datafield tag="245" ind1="0" ind2="0">
    <subfield code="a">Ost-West Contact</subfield>
    <subfield code="b">Das Wirtschaftsmagazin f&#xFC;r Ost-West-Kooperation</subfield>
  </datafield>
  <datafield tag="260" ind1=" " ind2=" ">
    <subfield code="a">M&#xFC;nster :</subfield>
    <subfield code="b">OWC Verlag f&#xFC;r Au&#xDF;enwirtschaft.</subfield>
  </datafield>
  <datafield tag="110" ind1="2" ind2=" ">
    <subfield code="a">Ost- und Mitteleuropa Verein E.V.</subfield>
  </datafield>
  <datafield tag="866" ind1=" " ind2="0">
    <subfield code="u">2000 12/3 - 2012 49/6 (unvollst&#xE4;ndig)</subfield>
  </datafield>
  <datafield tag="866" ind1=" " ind2="0">
    <subfield code="u">Best&#xE4;nde unvollst&#xE4;ndig&lt;br&gt;&lt;br&gt;vorhanden:&lt;br&gt;2000 12/3&lt;br&gt;2001 47/1, 3-4, 10, 12&lt;br&gt;2002 48/1, 4, 7, 9, &lt;br&gt;2003 49/5, 6 &lt;br&gt;2007 53/7&lt;br&gt;2012 58/5</subfield>
  </datafield>
  <datafield tag="942" ind1=" " ind2=" ">
    <subfield code="c">J</subfield>
  </datafield>
  <datafield tag="999" ind1=" " ind2=" ">
    <subfield code="c">5851</subfield>
    <subfield code="d">5851</subfield>
  </datafield>
  <datafield tag="952" ind1=" " ind2=" ">
    <subfield code="0">0</subfield>
    <subfield code="1">0</subfield>
    <subfield code="4">0</subfield>
    <subfield code="7">0</subfield>
    <subfield code="a">BIB</subfield>
    <subfield code="b">BIB</subfield>
    <subfield code="c">1</subfield>
    <subfield code="d">2004-08-04</subfield>
    <subfield code="i">6234</subfield>
    <subfield code="l">0</subfield>
    <subfield code="p">10001720</subfield>
    <subfield code="r">2017-01-26 00:00:00</subfield>
    <subfield code="w">2017-01-26</subfield>
    <subfield code="y">J</subfield>
  </datafield>
</record>
